| 000 | 00517nam a2200157 4500 | ||
|---|---|---|---|
| 001 | 139523 | ||
| 003 | ES-MaACL | ||
| 007 | t| | ||
| 008 | 070214s1951 sp r ||||1| spa d | ||
| 100 | 1 |
_aSaura Juan, José. _9104001 |
|
| 245 | 1 | 0 |
_aSuspensión de pagos _b: doctrina, jurisprudencia, formularios / _cJosé Saura Juan ; prólogo de Francisco Murcia y Castro. |
| 260 |
_aMadrid : _bReus, _c1951. |
||
| 300 |
_a151 p. ; _c23 cm. |
||
| 700 | 1 |
_aMurcia y Castro, Francisco. _984554 |
|
| 852 |
_aES-MaACL _jC-8984 _bR.37077 |
||
| 999 |
_c139523 _d139523 |
||